Clash points (Record no. 62240)

MARC details
000 -LEADER
fixed length control field 00857cam a2200229 4500
001 - CONTROL NUMBER
control field ABS61748
008 - FIXED-LENGTH DATA ELEMENTS--GENERAL INFORMATION
fixed length control field 000000n1999 000 0 eng u
035 ## - SYSTEM CONTROL NUMBER
System control number (Sirsi) u103648
100 ## - MAIN ENTRY--PERSONAL NAME
Personal name Minogue, A.
245 ## - TITLE STATEMENT
Title Clash points
260 ## - PUBLICATION, DISTRIBUTION, ETC.
Date of publication, distribution, etc. 1999
490 ## - SERIES STATEMENT
Series statement Building
Volume/sequential designation 264(8117) 17 December 1999, 46(1)
520 ## - SUMMARY, ETC.
Summary, etc. Argues for and against trying to enforce a contract clause that requires a bond and guarantee from a supplier, as illustrated by "Chiemgauer Membran und Zeltbau GmbH (Koch) v New Millennium Experience Company Ltd".
590 ## - LOCAL NOTE (RLIN)
Local note ABS
650 ## - SUBJECT ADDED ENTRY--TOPICAL TERM
Topical term or geographic name entry element PROCEDURAL OBLIGATIONS
650 ## - SUBJECT ADDED ENTRY--TOPICAL TERM
Topical term or geographic name entry element CONTRACT CLAUSES
650 ## - SUBJECT ADDED ENTRY--TOPICAL TERM
Topical term or geographic name entry element CHIEMGAUER MEMBRAN UND ZELTBAU GMBH (KOCH) V NEW MILLENNIUM EXPERIENCE COMPANY LTD
650 ## - SUBJECT ADDED ENTRY--TOPICAL TERM
Topical term or geographic name entry element PERFORMANCE BONDS
690 ## - LOCAL SUBJECT ADDED ENTRY--TOPICAL TERM (OCLC, RLIN)
Topical term or geographic name as entry element BUILT ENVIRONMENT-BUILDING CONTRACT FORMS
700 ## - ADDED ENTRY--PERSONAL NAME
Personal name Klein, R.
942 ## - ADDED ENTRY ELEMENTS (KOHA)
Suppress in OPAC 0
Holdings
Withdrawn status Lost status Source of classification or shelving scheme Damaged status Not for loan Home library Current library Shelving location Date acquired Total Checkouts Full call number Barcode Date last seen Copy number Price effective from Koha item type
    Dewey Decimal Classification     London London Journal article 18/01/2000   ABS61748 103648-1001 06/08/2019 1 06/08/2019 Journal article